| 000 | 02370cad a22002535a 4500 | ||
|---|---|---|---|
| 001 | L147290 | ||
| 008 | 090427e20090324xxk f v 000 0 eng d | ||
| 035 | _a(Sirsi) u147290 | ||
| 041 | 0 | _aeng | |
| 245 | 0 | 4 |
_aJohnson Brothers v Secretary of State for Communities and Local Government and Wychavon District Council _h[electronic resource] |
| 260 | _c2009 | ||
| 520 | _a[2009] EWHC 580 (Admin), 24 March 2009. The case considers whether a planning inspector respected local planning policies when taking his decision. Johnson Brothers (J) applied to Wychavon District Council to be granted permission to develop new storage, distribution units and provide parking, landscaping and access on a former airfield. After refusal from the local authority, he appealed to the inspector. The inspector relied on two local planning policies. He also used local, regional and national policy promoting sustainable forms of development. He highlighted the benefits of the proposal but emphasized the harms that such a development would bring to this remote and rural location. J appealed this decision, arguing that: the inspector had not relied sufficiently on the first policy relating to the protection of existing employment land; documentation showed a shortfall of suitable employment; and there was a breach of the rule of natural justice. "Held": There was no error of law in the way the inspector approached the issues. His approach remained consistent with the canons of construction adopted by the courts. He exercised his power within the rules of the appeal and gave a reason for his decision. There was no breach of natural justice or human rights under the European Convention on Human Rights 1950. | ||
| 590 | _aKA | ||
| 650 | 2 | 4 | _aJOHNSON BROTHERS V SOS FOR COMMUNITIES AND LOCAL GOVERNMENT AND WYCHAVON DISTRICT COUNCIL |
| 650 | 2 | 4 | _aTESCO STORES LTD V SOS ENVIRONMENT & ANOR |
| 650 | 2 | 4 | _aBUSHELL V SOS ENVIRONMENT |
| 650 | 2 | 4 | _aSOUTH STAFFORDSHIRE DC V SOS ENVIRONMENT & ANOR |
| 650 | 2 | 4 | _aTOWN AND COUNTRY PLANNING ACT 1990 |
| 650 | 2 | 4 | _aEUROPEAN CONVENTION ON HUMAN RIGHTS 1950 |
| 651 | 4 |
_aEngland and Wales _y1543- |
|
| 690 | _aENVIRONMENTAL AND LAND CONSULTANCY-PLANNING AND DEVELOPMENT-DEVELOPMENT CONTROL | ||
| 856 | 4 | 0 |
_uhttps://www.bailii.org/ew/cases/EWHC/Admin/2009/580.html _zView the case free of charge at www.bailli.org... |
| 942 | _n0 | ||
| 999 |
_c81468 _d81468 |
||